[Event "DVM U20 2020"]
[Site "Willingen GER"]
[Date "2021.06.24"]
[Round "2"]
[White "Biermann, Lenhard"]
[Black "Oberhofer, Cédric"]
[Result "1/2-1/2"]
[Termination "normal"]
[Board "1.3"]
[WhiteElo "2083"]
[BlackElo "2262"]
[WhiteClock "00:03:11"]
[BlackClock "00:04:53"]
[WhiteTeam "Schachgesellschaft Bochum 1931"]
[BlackTeam "SC Bavaria Regensburg von 1881 e.V."]
[PlyCount "118"]
[WhiteFideId "12970077"]
[BlackFideId "12941220"]
[EventCountry "GER"]
[EventRounds "7"]
[EventType "team-swiss"]
[EventDate "2021.06.23"]

1. d4 {[%clk 01:30:57]} {[%emt 00:00:02]} Nf6 {[%clk 01:30:38]} {[%emt
00:00:23]} 2. c4 {[%clk 01:30:59]} {[%emt 00:00:30]} c5 {[%clk 01:30:55]}
{[%emt 00:00:11]} 3. d5 {[%clk 01:31:19]} {[%emt 00:00:10]} e6 {[%clk
01:31:07]} {[%emt 00:00:18]} 4. Nc3 {[%clk 01:31:28]} {[%emt 00:00:22]} exd5
{[%clk 01:31:29]} {[%emt 00:00:07]} 5. cxd5 {[%clk 01:31:55]} {[%emt 00:00:03]}
d6 {[%clk 01:31:50]} {[%emt 00:00:09]} 6. g3 {[%clk 01:32:14]} {[%emt
00:00:12]} g6 {[%clk 01:31:48]} {[%emt 00:00:31]} 7. Bg2 {[%clk 01:32:32]}
{[%emt 00:00:12]} Bg7 {[%clk 01:32:09]} {[%emt 00:00:09]} 8. e4 {[%clk
01:32:39]} {[%emt 00:00:25]} O-O {[%clk 01:31:29]} {[%emt 00:01:09]} 9. Nge2
{[%clk 01:33:05]} {[%emt 00:00:03]} Re8 {[%clk 01:29:08]} {[%emt 00:02:52]} 10.
O-O {[%clk 01:33:11]} {[%emt 00:00:24]} a6 {[%clk 01:23:06]} {[%emt 00:06:31]}
11. a4 {[%clk 01:32:38]} {[%emt 00:01:04]} Nbd7 {[%clk 01:22:53]} {[%emt
00:00:42]} 12. h3 {[%clk 01:18:27]} {[%emt 00:14:41]} Rb8 {[%clk 01:18:51]}
{[%emt 00:04:31]} 13. a5 {[%clk 01:17:37]} {[%emt 00:01:20]} b5 {[%clk
01:12:51]} {[%emt 00:06:30]} 14. axb6 {[%clk 01:17:37]} {[%emt 00:00:30]} Rxb6
{[%clk 01:12:52]} {[%emt 00:00:29]} 15. Qc2 {[%clk 01:14:46]} {[%emt 00:03:21]}
Rb4 {[%clk 01:02:51]} {[%emt 00:10:32]} 16. Rb1 {[%clk 01:02:29]} {[%emt
00:12:46]} a5 {[%clk 00:58:23]} {[%emt 00:04:58]} 17. b3 {[%clk 00:52:14]}
{[%emt 00:10:45]} Ba6 {[%clk 00:56:17]} {[%emt 00:02:37]} 18. Ba3 {[%clk
00:50:55]} {[%emt 00:01:49]} Rb8 {[%clk 00:50:17]} {[%emt 00:06:29]} 19. Kh2
{[%clk 00:35:51]} {[%emt 00:15:35]} Qb6 {[%clk 00:44:34]} {[%emt 00:06:13]} 20.
f4 {[%clk 00:32:51]} {[%emt 00:03:31]} Bxe2 {[%clk 00:37:37]} {[%emt 00:07:26]}
21. Nxe2 {[%clk 00:31:46]} {[%emt 00:01:35]} Qa6 {[%clk 00:36:06]} {[%emt
00:02:01]} 22. Rfe1 {[%clk 00:29:29]} {[%emt 00:02:47]} c4 {[%clk 00:26:42]}
{[%emt 00:09:55]} 23. bxc4 {[%clk 00:25:37]} {[%emt 00:04:21]} Rbc8 {[%clk
00:26:46]} {[%emt 00:00:25]} 24. Rbc1 {[%clk 00:24:06]} {[%emt 00:02:02]} Nc5
{[%clk 00:23:46]} {[%emt 00:03:30]} 25. e5 {[%clk 00:14:17]} {[%emt 00:10:19]}
dxe5 {[%clk 00:21:42]} {[%emt 00:02:34]} 26. fxe5 {[%clk 00:14:44]} {[%emt
00:00:03]} Nfd7 {[%clk 00:15:02]} {[%emt 00:07:10]} 27. e6 {[%clk 00:09:51]}
{[%emt 00:05:23]} fxe6 {[%clk 00:15:25]} {[%emt 00:00:06]} 28. dxe6 {[%clk
00:10:17]} {[%emt 00:00:05]} Nxe6 {[%clk 00:15:05]} {[%emt 00:00:50]} 29. Bb2
{[%clk 00:04:45]} {[%emt 00:06:02]} Nf6 {[%clk 00:11:46]} {[%emt 00:03:48]} 30.
Rf1 {[%clk 00:04:06]} {[%emt 00:01:09]} Rf8 {[%clk 00:10:23]} {[%emt 00:01:54]}
31. Bxf6 {[%clk 00:04:29]} {[%emt 00:00:07]} Bxf6 {[%clk 00:09:37]} {[%emt
00:01:15]} 32. Bd5 {[%clk 00:04:54]} {[%emt 00:00:06]} Kg7 {[%clk 00:09:07]}
{[%emt 00:00:59]} 33. Rb1 {[%clk 00:04:28]} {[%emt 00:00:56]} Nc5 {[%clk
00:06:01]} {[%emt 00:03:36]} 34. Nf4 {[%clk 00:03:11]} {[%emt 00:01:47]} Be5
{[%clk 00:04:40]} {[%emt 00:01:52]} 35. Nd3 {[%clk 00:03:06]} {[%emt 00:00:35]}
Nxd3 {[%clk 00:02:12]} {[%emt 00:02:58]} 36. Qxd3 {[%clk 00:03:33]} {[%emt
00:00:02]} Qd6 {[%clk 00:01:45]} {[%emt 00:00:57]} 37. Rb7+ {[%clk 00:01:25]}
{[%emt 00:02:39]} Kh8 {[%clk 00:02:07]} {[%emt 00:00:08]} 38. Rff7 {[%clk
00:00:50]} {[%emt 00:01:04]} Rxf7 {[%clk 00:01:04]} {[%emt 00:01:34]} 39. Rxf7
{[%clk 00:01:16]} {[%emt 00:00:04]} Rf8 {[%clk 00:00:48]} {[%emt 00:00:45]} 40.
Rxf8+ {[%clk 00:00:45]} {[%emt 00:01:02]} Qxf8 {[%clk 00:01:15]} {[%emt
00:00:03]} 41. Qe3 {[%clk 00:26:42]} {[%emt 00:04:32]} Qd6 {[%clk 00:26:25]}
{[%emt 00:05:20]} 42. Bg2 {[%clk 00:20:01]} {[%emt 00:07:12]} Qd4 {[%clk
00:20:29]} {[%emt 00:07:15]} 43. Qf3 {[%clk 00:05:47]} {[%emt 00:13:55]} Kg7
{[%clk 00:15:41]} {[%emt 00:05:18]} 44. Qb7+ {[%clk 00:05:15]} {[%emt
00:01:01]} Kh6 {[%clk 00:15:44]} {[%emt 00:00:28]} 45. Qe7 {[%clk 00:05:02]}
{[%emt 00:00:42]} Bd6 {[%clk 00:14:16]} {[%emt 00:01:57]} 46. Qe4 {[%clk
00:01:38]} {[%emt 00:04:17]} Qxe4 {[%clk 00:07:55]} {[%emt 00:06:28]} 47. Bxe4
{[%clk 00:02:07]} {[%emt 00:00:02]} a4 {[%clk 00:08:18]} {[%emt 00:00:07]} 48.
Kg2 {[%clk 00:00:47]} {[%emt 00:01:51]} a3 {[%clk 00:08:10]} {[%emt 00:00:37]}
49. Bb1 {[%clk 00:01:16]} Kg5 {[%clk 00:07:59]} {[%emt 00:00:42]} 50. Kf3
{[%clk 00:01:16]} {[%emt 00:00:31]} Kf6 {[%clk 00:08:11]} {[%emt 00:00:17]} 51.
c5 {[%clk 00:00:55]} {[%emt 00:00:52]} Bxc5 {[%clk 00:08:32]} {[%emt 00:00:08]}
52. Ke4 {[%clk 00:01:21]} {[%emt 00:00:05]} Bf2 {[%clk 00:06:12]} {[%emt
00:02:49]} 53. g4 {[%clk 00:01:39]} {[%emt 00:00:12]} Ke6 {[%clk 00:06:18]}
{[%emt 00:00:24]} 54. Ba2+ {[%clk 00:01:52]} {[%emt 00:00:17]} Kd6 {[%clk
00:06:33]} {[%emt 00:00:15]} 55. Bb3 {[%clk 00:02:07]} {[%emt 00:00:16]} Kc5
{[%clk 00:04:54]} {[%emt 00:02:08]} 56. Kd3 {[%clk 00:02:27]} {[%emt 00:00:11]}
g5 {[%clk 00:04:15]} {[%emt 00:01:09]} 57. Ba2 {[%clk 00:02:25]} {[%emt
00:00:31]} Kd6 {[%clk 00:04:11]} {[%emt 00:00:34]} 58. Ke4 {[%clk 00:02:46]}
{[%emt 00:00:09]} Kc5 {[%clk 00:04:30]} {[%emt 00:00:11]} 59. Kd3 {[%clk
00:03:11]} {[%emt 00:00:05]} h6 {[%clk 00:04:53]} {[%emt 00:00:07]} 1/2-1/2

[Event "DVM U20 2020"]
[Site "Willingen GER"]
[Date "2021.06.24"]
[Round "2"]
[White "Dechant, Georg"]
[Black "Prieb, Robert"]
[Result "0-1"]
[Termination "normal"]
[Board "1.4"]
[BlackTitle "CM"]
[WhiteElo "2022"]
[BlackElo "2040"]
[WhiteClock "00:58:43"]
[BlackClock "00:21:39"]
[WhiteTeam "SC Bavaria Regensburg von 1881 e.V."]
[BlackTeam "Schachgesellschaft Bochum 1931"]
[PlyCount "56"]
[WhiteFideId "12956716"]
[BlackFideId "16212002"]
[EventCountry "GER"]
[EventRounds "7"]
[EventType "team-swiss"]
[EventDate "2021.06.23"]

1. e4 {[%clk 01:30:48]} {[%emt 00:00:12]} c5 {[%clk 01:30:45]} {[%emt
00:00:16]} 2. Nf3 {[%clk 01:31:12]} {[%emt 00:00:05]} d6 {[%clk 01:31:00]}
{[%emt 00:00:15]} 3. d4 {[%clk 01:31:38]} {[%emt 00:00:05]} cxd4 {[%clk
01:31:11]} {[%emt 00:00:20]} 4. Nxd4 {[%clk 01:32:04]} {[%emt 00:00:03]} Nf6
{[%clk 01:31:07]} {[%emt 00:00:33]} 5. Nc3 {[%clk 01:32:29]} {[%emt 00:00:06]}
a6 {[%clk 01:31:06]} {[%emt 00:00:30]} 6. Bc4 {[%clk 01:32:54]} {[%emt
00:00:05]} e6 {[%clk 01:30:44]} {[%emt 00:00:53]} 7. O-O {[%clk 01:33:18]}
{[%emt 00:00:05]} b5 {[%clk 01:30:22]} {[%emt 00:00:54]} 8. Bb3 {[%clk
01:33:42]} {[%emt 00:00:04]} Be7 {[%clk 01:30:05]} {[%emt 00:00:47]} 9. Qf3
{[%clk 01:33:59]} {[%emt 00:00:13]} Qb6 {[%clk 01:27:54]} {[%emt 00:02:41]} 10.
Be3 {[%clk 01:34:20]} {[%emt 00:00:09]} Qb7 {[%clk 01:28:07]} {[%emt 00:00:18]}
11. Qg3 {[%clk 01:33:32]} {[%emt 00:01:17]} O-O {[%clk 01:17:38]} {[%emt
00:11:00]} 12. Bh6 {[%clk 01:32:24]} {[%emt 00:01:38]} Nh5 {[%clk 01:16:18]}
{[%emt 00:01:50]} 13. Qg4 {[%clk 01:24:22]} {[%emt 00:08:31]} Kh8 {[%clk
01:09:13]} {[%emt 00:07:35]} 14. Qxh5 {[%clk 01:20:47]} {[%emt 00:04:05]} gxh6
{[%clk 01:09:30]} {[%emt 00:00:13]} 15. Qxh6 {[%clk 01:19:05]} {[%emt
00:02:12]} b4 {[%clk 01:03:02]} {[%emt 00:06:59]} 16. Nd5 {[%clk 01:19:06]}
{[%emt 00:00:28]} exd5 {[%clk 01:00:45]} {[%emt 00:02:47]} 17. Bxd5 {[%clk
01:19:24]} {[%emt 00:00:13]} Qb6 {[%clk 00:58:12]} {[%emt 00:03:02]} 18. Nf5
{[%clk 01:18:43]} {[%emt 00:01:11]} Bxf5 {[%clk 00:57:59]} {[%emt 00:00:43]}
19. exf5 {[%clk 01:19:07]} {[%emt 00:00:06]} Nd7 {[%clk 00:57:59]} {[%emt
00:00:30]} 20. Rae1 {[%clk 01:17:34]} {[%emt 00:02:03]} Bf6 {[%clk 00:55:37]}
{[%emt 00:02:52]} 21. Re3 {[%clk 01:10:32]} {[%emt 00:07:33]} Bg7 {[%clk
00:50:48]} {[%emt 00:05:18]} 22. Qh4 {[%clk 01:10:57]} {[%emt 00:00:06]} Rac8
{[%clk 00:39:03]} {[%emt 00:12:14]} 23. Rh3 {[%clk 01:02:39]} {[%emt 00:08:47]}
Nf6 {[%clk 00:37:21]} {[%emt 00:02:13]} 24. Rg3 {[%clk 00:58:50]} {[%emt
00:04:20]} Nxd5 {[%clk 00:25:41]} {[%emt 00:12:09]} 25. Rxg7 {[%clk 00:58:50]}
{[%emt 00:00:31]} Kxg7 {[%clk 00:25:52]} {[%emt 00:00:19]} 26. f6+ {[%clk
00:59:16]} {[%emt 00:00:04]} Kh8 {[%clk 00:25:36]} {[%emt 00:00:45]} 27. Rd1
{[%clk 00:58:32]} {[%emt 00:01:15]} Rg8 {[%clk 00:21:58]} {[%emt 00:04:08]} 28.
Rxd5 {[%clk 00:58:43]} {[%emt 00:00:19]} Qc6 {[%clk 00:21:39]} {[%emt
00:00:48]} 0-1

[Event "DVM U20 2020"]
[Site "Willingen GER"]
[Date "2021.06.24"]
[Round "2"]
[White "Klugstedt, Vincent"]
[Black "Brüll, Elias"]
[Result "1-0"]
[Termination "normal"]
[Board "1.5"]
[WhiteElo "1928"]
[BlackElo "1798"]
[WhiteClock "00:57:21"]
[BlackClock "00:23:02"]
[WhiteTeam "Schachgesellschaft Bochum 1931"]
[BlackTeam "SC Bavaria Regensburg von 1881 e.V."]
[PlyCount "113"]
[WhiteFideId "16216393"]
[BlackFideId "12964921"]
[EventCountry "GER"]
[EventRounds "7"]
[EventType "team-swiss"]
[EventDate "2021.06.23"]

1. d4 {[%clk 01:30:57]} {[%emt 00:00:03]} Nf6 {[%clk 01:30:53]} {[%emt
00:00:07]} 2. c4 {[%clk 01:31:16]} {[%emt 00:00:11]} c5 {[%clk 01:31:19]}
{[%emt 00:00:04]} 3. d5 {[%clk 01:31:27]} {[%emt 00:00:19]} e6 {[%clk
01:31:37]} {[%emt 00:00:12]} 4. Nc3 {[%clk 01:31:23]} {[%emt 00:00:33]} exd5
{[%clk 01:31:53]} {[%emt 00:00:15]} 5. Nxd5 {[%clk 01:30:40]} {[%emt 00:01:13]}
Nxd5 {[%clk 01:28:39]} {[%emt 00:03:44]} 6. Qxd5 {[%clk 01:30:33]} {[%emt
00:00:36]} Nc6 {[%clk 01:25:36]} {[%emt 00:03:33]} 7. Nf3 {[%clk 01:25:50]}
{[%emt 00:05:14]} d6 {[%clk 01:23:12]} {[%emt 00:02:54]} 8. e3 {[%clk
01:20:19]} {[%emt 00:06:01]} Be6 {[%clk 01:21:24]} {[%emt 00:02:18]} 9. Qd1
{[%clk 01:19:41]} {[%emt 00:01:09]} Be7 {[%clk 01:14:02]} {[%emt 00:07:51]} 10.
Bd3 {[%clk 01:19:37]} {[%emt 00:00:33]} Nb4 {[%clk 01:10:33]} {[%emt 00:03:59]}
11. O-O {[%clk 01:19:09]} {[%emt 00:00:59]} O-O {[%clk 01:09:23]} {[%emt
00:01:39]} 12. a3 {[%clk 01:18:23]} {[%emt 00:01:16]} Nxd3 {[%clk 01:09:04]}
{[%emt 00:00:50]} 13. Qxd3 {[%clk 01:18:43]} {[%emt 00:00:10]} a5 {[%clk
00:53:31]} {[%emt 00:16:03]} 14. Rd1 {[%clk 01:17:34]} {[%emt 00:01:39]} Qb6
{[%clk 00:48:53]} {[%emt 00:05:08]} 15. a4 {[%clk 01:15:10]} {[%emt 00:02:53]}
Rfd8 {[%clk 00:47:42]} {[%emt 00:01:42]} 16. e4 {[%clk 01:15:11]} {[%emt
00:00:29]} Qb4 {[%clk 00:29:40]} {[%emt 00:18:31]} 17. b3 {[%clk 01:13:41]}
{[%emt 00:02:01]} b5 {[%clk 00:24:48]} {[%emt 00:05:22]} 18. cxb5 {[%clk
00:59:48]} {[%emt 00:14:23]} Bxb3 {[%clk 00:20:47]} {[%emt 00:04:32]} 19. Bd2
{[%clk 00:56:16]} {[%emt 00:04:01]} Qc4 {[%clk 00:13:14]} {[%emt 00:08:03]} 20.
Qxc4 {[%clk 00:55:45]} {[%emt 00:01:00]} Bxc4 {[%clk 00:13:43]} {[%emt
00:00:02]} 21. Bc3 {[%clk 00:55:39]} {[%emt 00:00:36]} Bb3 {[%clk 00:11:45]}
{[%emt 00:02:28]} 22. Rd2 {[%clk 00:55:03]} {[%emt 00:01:06]} f5 {[%clk
00:10:52]} {[%emt 00:01:23]} 23. Re2 {[%clk 00:52:35]} {[%emt 00:02:58]} fxe4
{[%clk 00:08:05]} {[%emt 00:03:17]} 24. Rxe4 {[%clk 00:52:43]} {[%emt
00:00:22]} Bf8 {[%clk 00:08:23]} {[%emt 00:00:11]} 25. Ree1 {[%clk 00:49:09]}
{[%emt 00:04:04]} d5 {[%clk 00:06:33]} {[%emt 00:02:21]} 26. Ne5 {[%clk
00:45:41]} {[%emt 00:03:58]} d4 {[%clk 00:06:06]} {[%emt 00:00:57]} 27. Bxa5
{[%clk 00:36:41]} {[%emt 00:09:30]} Rxa5 {[%clk 00:04:54]} {[%emt 00:01:42]}
28. Nc6 {[%clk 00:37:06]} {[%emt 00:00:05]} Raa8 {[%clk 00:05:16]} {[%emt
00:00:08]} 29. Nxd8 {[%clk 00:36:49]} {[%emt 00:00:47]} Rxd8 {[%clk 00:05:39]}
{[%emt 00:00:06]} 30. b6 {[%clk 00:35:34]} {[%emt 00:01:46]} d3 {[%clk
00:05:18]} {[%emt 00:00:50]} 31. a5 {[%clk 00:30:02]} {[%emt 00:06:03]} d2
{[%clk 00:03:15]} {[%emt 00:02:34]} 32. Rf1 {[%clk 00:28:37]} {[%emt 00:01:54]}
Bc4 {[%clk 00:00:43]} {[%emt 00:03:02]} 33. Rfd1 {[%clk 00:28:33]} {[%emt
00:00:34]} Ba6 {[%clk 00:00:59]} {[%emt 00:00:14]} 34. Ra2 {[%clk 00:27:56]}
{[%emt 00:01:07]} c4 {[%clk 00:00:53]} {[%emt 00:00:37]} 35. Rdxd2 {[%clk
00:26:59]} {[%emt 00:01:26]} Rxd2 {[%clk 00:01:10]} {[%emt 00:00:13]} 36. Rxd2
{[%clk 00:27:25]} {[%emt 00:00:04]} c3 {[%clk 00:00:35]} {[%emt 00:01:05]} 37.
Rd7 {[%clk 00:27:22]} {[%emt 00:00:32]} Bb4 {[%clk 00:00:31]} {[%emt 00:00:35]}
38. b7 {[%clk 00:27:20]} {[%emt 00:00:32]} Bxb7 {[%clk 00:00:51]} {[%emt
00:00:09]} 39. Rxb7 {[%clk 00:27:42]} {[%emt 00:00:08]} Bxa5 {[%clk 00:01:05]}
{[%emt 00:00:17]} 40. Kf1 {[%clk 00:27:33]} {[%emt 00:00:40]} Kf8 {[%clk
00:00:33]} {[%emt 00:01:01]} 41. Ke2 {[%clk 00:27:23]} {[%emt 00:00:39]} c2
{[%clk 00:26:02]} {[%emt 00:05:01]} 42. Rb8+ {[%clk 00:57:09]} {[%emt
00:00:45]} Kf7 {[%clk 00:25:46]} {[%emt 00:00:46]} 43. Rc8 {[%clk 00:57:32]}
{[%emt 00:00:07]} Bd8 {[%clk 00:25:39]} {[%emt 00:00:36]} 44. Rxc2 {[%clk
00:57:48]} {[%emt 00:00:13]} Ke6 {[%clk 00:25:53]} {[%emt 00:00:17]} 45. Kf3
{[%clk 00:57:27]} {[%emt 00:00:52]} Kf5 {[%clk 00:25:27]} {[%emt 00:00:57]} 46.
Rc5+ {[%clk 00:57:24]} {[%emt 00:00:32]} Kg6 {[%clk 00:25:45]} {[%emt
00:00:12]} 47. g4 {[%clk 00:56:52]} {[%emt 00:01:02]} Be7 {[%clk 00:25:22]}
{[%emt 00:00:52]} 48. Rc6+ {[%clk 00:56:55]} {[%emt 00:00:28]} Bf6 {[%clk
00:24:18]} {[%emt 00:01:35]} 49. Kf4 {[%clk 00:56:24]} {[%emt 00:01:00]} Kf7
{[%clk 00:23:59]} {[%emt 00:00:49]} 50. Ke4 {[%clk 00:56:39]} {[%emt 00:00:14]}
Bh4 {[%clk 00:22:47]} {[%emt 00:01:42]} 51. f4 {[%clk 00:56:28]} {[%emt
00:00:41]} h6 {[%clk 00:23:11]} {[%emt 00:00:06]} 52. Kf5 {[%clk 00:56:31]}
{[%emt 00:00:27]} Bf2 {[%clk 00:21:48]} {[%emt 00:01:54]} 53. Rc7+ {[%clk
00:56:46]} {[%emt 00:00:15]} Kf8 {[%clk 00:22:03]} {[%emt 00:00:15]} 54. Kg6
{[%clk 00:56:57]} {[%emt 00:00:18]} Bd4 {[%clk 00:22:26]} {[%emt 00:00:07]} 55.
Rc8+ {[%clk 00:57:04]} {[%emt 00:00:23]} Ke7 {[%clk 00:22:52]} {[%emt
00:00:05]} 56. Rg8 {[%clk 00:57:18]} {[%emt 00:00:15]} Ke6 {[%clk 00:23:02]}
{[%emt 00:00:20]} 57. Rxg7 {[%clk 00:57:21]} {[%emt 00:00:27]} 1-0

[Event "DVM U20 2020"]
[Site "Willingen GER"]
[Date "2021.06.24"]
[Round "2"]
[White "Steinhauer, Artur"]
[Black "Gluma, Christian"]
[Result "1/2-1/2"]
[Termination "normal"]
[Board "1.6"]
[WhiteElo "1607"]
[BlackElo "1864"]
[WhiteClock "00:12:45"]
[BlackClock "00:04:04"]
[WhiteTeam "SC Bavaria Regensburg von 1881 e.V."]
[BlackTeam "Schachgesellschaft Bochum 1931"]
[PlyCount "119"]
[WhiteFideId "16263596"]
[BlackFideId "16223209"]
[EventCountry "GER"]
[EventRounds "7"]
[EventType "team-swiss"]
[EventDate "2021.06.23"]

1. e4 {[%clk 01:30:53]} {[%emt 00:00:07]} g6 {[%clk 01:30:57]} {[%emt
00:00:03]} 2. d4 {[%clk 01:31:00]} {[%emt 00:00:25]} Bg7 {[%clk 01:31:23]}
{[%emt 00:00:03]} 3. c4 {[%clk 01:30:07]} {[%emt 00:01:22]} d6 {[%clk
01:31:44]} {[%emt 00:00:08]} 4. Nf3 {[%clk 01:30:20]} {[%emt 00:00:19]} e5
{[%clk 01:31:55]} {[%emt 00:00:18]} 5. dxe5 {[%clk 01:29:06]} {[%emt 00:01:44]}
dxe5 {[%clk 01:32:19]} {[%emt 00:00:07]} 6. Qxd8+ {[%clk 01:20:33]} {[%emt
00:09:03]} Kxd8 {[%clk 01:32:43]} {[%emt 00:00:05]} 7. Nc3 {[%clk 01:17:44]}
{[%emt 00:03:19]} f6 {[%clk 01:31:09]} {[%emt 00:02:03]} 8. b3 {[%clk
01:12:48]} {[%emt 00:05:27]} Bg4 {[%clk 01:26:52]} {[%emt 00:04:47]} 9. Ba3
{[%clk 01:12:27]} {[%emt 00:00:51]} Nd7 {[%clk 01:22:59]} {[%emt 00:04:23]} 10.
Rd1 {[%clk 01:08:49]} {[%emt 00:04:08]} Ne7 {[%clk 01:20:22]} {[%emt 00:03:07]}
11. h3 {[%clk 01:01:03]} {[%emt 00:08:16]} Bxf3 {[%clk 01:16:24]} {[%emt
00:04:28]} 12. Bxe7+ {[%clk 01:01:18]} {[%emt 00:00:15]} Kxe7 {[%clk 01:16:43]}
{[%emt 00:00:11]} 13. Nd5+ {[%clk 01:01:25]} {[%emt 00:00:23]} Kd8 {[%clk
01:16:54]} {[%emt 00:00:19]} 14. gxf3 {[%clk 01:01:49]} {[%emt 00:00:05]} c6
{[%clk 01:17:12]} {[%emt 00:00:13]} 15. Ne3 {[%clk 00:59:01]} {[%emt 00:03:18]}
Kc7 {[%clk 01:12:27]} {[%emt 00:05:15]} 16. h4 {[%clk 00:55:59]} {[%emt
00:03:32]} Rad8 {[%clk 01:10:26]} {[%emt 00:02:31]} 17. Bh3 {[%clk 00:56:11]}
{[%emt 00:00:18]} Nc5 {[%clk 01:08:32]} {[%emt 00:02:25]} 18. Ke2 {[%clk
00:56:23]} {[%emt 00:00:18]} a5 {[%clk 01:04:36]} {[%emt 00:04:26]} 19. Rhg1
{[%clk 00:53:38]} {[%emt 00:03:13]} Rxd1 {[%clk 00:59:20]} {[%emt 00:05:47]}
20. Rxd1 {[%clk 00:54:01]} {[%emt 00:00:06]} Rd8 {[%clk 00:59:03]} {[%emt
00:00:48]} 21. Rxd8 {[%clk 00:54:16]} {[%emt 00:00:15]} Kxd8 {[%clk 00:59:26]}
{[%emt 00:00:06]} 22. Nc2 {[%clk 00:47:56]} {[%emt 00:06:50]} Bf8 {[%clk
00:50:07]} {[%emt 00:09:50]} 23. Ne1 {[%clk 00:46:11]} {[%emt 00:02:15]} Ke7
{[%clk 00:49:09]} {[%emt 00:01:28]} 24. Nd3 {[%clk 00:46:21]} {[%emt 00:00:20]}
Ne6 {[%clk 00:49:14]} {[%emt 00:00:25]} 25. Bxe6 {[%clk 00:44:18]} {[%emt
00:02:32]} Kxe6 {[%clk 00:49:40]} {[%emt 00:00:05]} 26. Kf1 {[%clk 00:34:49]}
{[%emt 00:09:58]} Be7 {[%clk 00:40:06]} {[%emt 00:10:04]} 27. Kg2 {[%clk
00:31:39]} {[%emt 00:03:41]} b6 {[%clk 00:38:10]} {[%emt 00:02:26]} 28. Kg3
{[%clk 00:31:16]} {[%emt 00:00:53]} f5 {[%clk 00:33:02]} {[%emt 00:05:38]} 29.
Kh3 {[%clk 00:22:56]} {[%emt 00:08:50]} f4 {[%clk 00:28:51]} {[%emt 00:04:41]}
30. Kg4 {[%clk 00:18:07]} {[%emt 00:05:19]} h5+ {[%clk 00:29:00]} {[%emt
00:00:21]} 31. Kh3 {[%clk 00:18:34]} {[%emt 00:00:02]} b5 {[%clk 00:26:02]}
{[%emt 00:03:29]} 32. a4 {[%clk 00:18:50]} {[%emt 00:00:13]} bxa4 {[%clk
00:25:35]} {[%emt 00:00:58]} 33. bxa4 {[%clk 00:19:15]} {[%emt 00:00:05]} Kd6
{[%clk 00:25:23]} {[%emt 00:00:42]} 34. c5+ {[%clk 00:16:10]} {[%emt 00:03:35]}
Ke6 {[%clk 00:25:29]} {[%emt 00:00:23]} 35. Kg2 {[%clk 00:15:30]} {[%emt
00:01:10]} Bxh4 {[%clk 00:25:29]} {[%emt 00:00:31]} 36. Nb2 {[%clk 00:07:30]}
{[%emt 00:08:30]} Be7 {[%clk 00:24:47]} {[%emt 00:01:12]} 37. Nc4 {[%clk
00:07:30]} {[%emt 00:00:31]} Bxc5 {[%clk 00:23:43]} {[%emt 00:01:33]} 38. Nxa5
{[%clk 00:07:55]} {[%emt 00:00:05]} Kd7 {[%clk 00:23:43]} {[%emt 00:00:30]} 39.
Nc4 {[%clk 00:08:10]} {[%emt 00:00:15]} Bd4 {[%clk 00:23:15]} {[%emt 00:00:58]}
40. Kf1 {[%clk 00:08:26]} {[%emt 00:00:15]} Kc7 {[%clk 00:21:59]} {[%emt
00:01:45]} 41. Kg2 {[%clk 00:08:41]} {[%emt 00:00:14]} Kd7 {[%clk 00:12:54]}
{[%emt 00:09:36]} 42. Kf1 {[%clk 00:08:50]} {[%emt 00:00:21]} Ke6 {[%clk
00:09:03]} {[%emt 00:04:21]} 43. Kg2 {[%clk 00:09:13]} {[%emt 00:00:06]} g5
{[%clk 00:08:29]} {[%emt 00:01:05]} 44. Kf1 {[%clk 00:09:18]} {[%emt 00:00:25]}
Kf6 {[%clk 00:06:27]} {[%emt 00:02:32]} 45. Kg2 {[%clk 00:09:31]} {[%emt
00:00:16]} g4 {[%clk 00:05:27]} {[%emt 00:01:31]} 46. fxg4 {[%clk 00:09:55]}
{[%emt 00:00:06]} hxg4 {[%clk 00:05:53]} {[%emt 00:00:05]} 47. f3 {[%clk
00:10:19]} {[%emt 00:00:05]} g3 {[%clk 00:05:38]} {[%emt 00:00:45]} 48. Na5
{[%clk 00:10:38]} {[%emt 00:00:10]} Ke6 {[%clk 00:03:13]} {[%emt 00:02:56]} 49.
Nxc6 {[%clk 00:10:53]} {[%emt 00:00:15]} Kd6 {[%clk 00:01:49]} {[%emt
00:01:55]} 50. Nb4 {[%clk 00:10:22]} {[%emt 00:01:00]} Kc5 {[%clk 00:01:29]}
{[%emt 00:00:50]} 51. Nd5 {[%clk 00:10:28]} {[%emt 00:00:23]} Kc6 {[%clk
00:01:04]} {[%emt 00:00:55]} 52. Kh3 {[%clk 00:09:40]} {[%emt 00:01:18]} Kb7
{[%clk 00:01:11]} {[%emt 00:00:24]} 53. Kg2 {[%clk 00:09:52]} {[%emt 00:00:17]}
Ka6 {[%clk 00:01:34]} {[%emt 00:00:08]} 54. Kh3 {[%clk 00:10:17]} {[%emt
00:00:04]} Ka5 {[%clk 00:02:00]} {[%emt 00:00:03]} 55. Kg2 {[%clk 00:10:41]}
{[%emt 00:00:07]} Kxa4 {[%clk 00:02:27]} {[%emt 00:00:04]} 56. Kh3 {[%clk
00:11:06]} {[%emt 00:00:04]} Kb3 {[%clk 00:02:46]} {[%emt 00:00:11]} 57. Kg2
{[%clk 00:11:32]} {[%emt 00:00:04]} Kc2 {[%clk 00:03:11]} {[%emt 00:00:06]} 58.
Kh3 {[%clk 00:11:57]} {[%emt 00:00:04]} Kd3 {[%clk 00:03:38]} {[%emt 00:00:03]}
59. Kg2 {[%clk 00:12:24]} {[%emt 00:00:04]} Ke2 {[%clk 00:04:04]} {[%emt
00:00:05]} 60. Nf6 {[%clk 00:12:45]} {[%emt 00:00:08]} 1/2-1/2